| 000 | 00640nam a2200253Ia 4500 | ||
|---|---|---|---|
| 003 | OSt | ||
| 005 | 20221006144817.0 | ||
| 006 | a|||||r|||| 00| 0 | ||
| 007 | ta | ||
| 008 | 221006b |||||||| |||| 00| 0 eng d | ||
| 020 |
_c _5.00 |
||
| 024 | _a12,794 | ||
| 037 | _cTextual | ||
| 040 |
_aEASL _cEASL _beng |
||
| 041 |
_2eng _aeng |
||
| 082 | _aV41,1(Y215)wM99, H1 | ||
| 100 |
_aHAHN Emily _995792 |
||
| 245 | 0 | _aSoong sisters | |
| 260 |
_aNew York _bDoubleday Doran _c1941 |
||
| 300 |
_a349p. _ccm. |
||
| 490 | _v CEL | ||
| 942 |
_hV41,1(Y215)wM99, H1 _cTEXL _2CC |
||
| 999 |
_c1080880 _d1080880 |
||